Democracy in Africa, a new beginning? : (Record no. 1685)

MARC details
000 -LEADER
fixed length control field 00688nam a22002175a 4500
001 - CONTROL NUMBER
control field 80487
003 - CONTROL NUMBER IDENTIFIER
control field OSt
005 - DATE AND TIME OF LATEST TRANSACTION
control field 20230620120214.0
008 - FIXED-LENGTH DATA ELEMENTS--GENERAL INFORMATION
fixed length control field 950321s1993 gw 000 0 eng
010 ## - LIBRARY OF CONGRESS CONTROL NUMBER
LC control number 95129427
020 ## - INTERNATIONAL STANDARD BOOK NUMBER
International Standard Book Number 3860772120
040 ## - CATALOGING SOURCE
Original cataloging agency DLC
Transcribing agency DLC
082 ## - DEWEY DECIMAL CLASSIFICATION NUMBER
Classification number 320.46
Item number VOG
100 1# - MAIN ENTRY--PERSONAL NAME
Personal name Adam, Erfried,
Dates associated with a name 1945-
245 10 - TITLE STATEMENT
Title Democracy in Africa, a new beginning? :
Remainder of title International Conference, Bonn, 1.-3. June 1992 : selected papers and discusssions /
Statement of responsibility, etc. [Ed. by, Erfried Adam].
260 ## - PUBLICATION, DISTRIBUTION, ETC. (IMPRINT)
Place of publication, distribution, etc. Bonn :
Name of publisher, distributor, etc. Friedrich-Ebert-Stiftung,
Date of publication, distribution, etc. 1993.
300 ## - PHYSICAL DESCRIPTION
Extent 117 p.
906 ## - LOCAL DATA ELEMENT F, LDF (RLIN)
a 0
b ibc
c orignew
d 3
e ncip
f 19
g y-gencatlg
942 ## - ADDED ENTRY ELEMENTS (KOHA)
Source of classification or shelving scheme Dewey Decimal Classification
Koha item type Books
Holdings
Withdrawn status Lost status Source of classification or shelving scheme Damaged status Not for loan Home library Current library Date acquired Total Checkouts Full call number Barcode Date last seen Price effective from Koha item type
    Dewey Decimal Classification     County Hall Archives County Hall Archives 06/20/2023   320.46 VOG 10011273 06/20/2023 06/20/2023 Books
LIBRARY OPENING HOURS

When the Parliament is sitting: 8.00a.m - 7.00p.m or until the house adjourns
Mondays and Fridays and when the House is on Recess:  8.00a.m - 5.00p.m
Closed on Weekends and Public Holidays

Online Public Access Catalog (OPAC)
Website: http://www.parliament.go.ke
Bunge Library: https://libraryir.parliament.go.ke
Contact: library@parliament.go.ke | Tel no: (254-2)2221291 or 2848000 Ext 5043